00932nam a2200265 i 450000100060000000300090000600500170001500800390003201500170007104000280008808000080011610000370012424500670016126000560022830000500028433600270033433700540036133800280041538000170044365800220046065800280048265000160051071000420052685600980056813623KOSZ 00520200630132828.0080607s1962 pl a f f 000 0 pol aPB 1962/6527 aWA NcWA NdKOSZ 005/RW a0071 aLange, Oskard(1904-1965)eAutor10aCałość i rozwój w świetle cybernetyki /cOskar Lange. aWarszawa :bPaństwowe Wydawnictwo Naukowe,c1962. a86, [2] stron :bilustracje, errata ;c20 cm. aTekstbtxt2rdacontent aBez urządzenia pośredniczącegobn2rdamedia aWoluminbnc2rdacarrier aKsiążki. aFilozofia i etyka aInżynieria i technika 4aCybernetyka2 aPaństwowe Wydawnictwo Naukowe4pbl. uhttp://koha.tu.koszalin.pl/cgi-bin/koha/opac-detail.pl?biblionumber=13623yKatalog online BPK